<?xml version="1.0" encoding="UTF-8"?>
<record
    xmlns:xsi="http://www.w3.org/2001/XMLSchema-instance"
    xsi:schemaLocation="http://www.loc.gov/MARC21/slim http://www.loc.gov/standards/marcxml/schema/MARC21slim.xsd"
    xmlns="http://www.loc.gov/MARC21/slim">

  <leader>00381nam a2200157Ia 4500</leader>
  <controlfield tag="008">230917s9999||||xx |||||||||||||| ||und||</controlfield>
  <datafield tag="040" ind1=" " ind2=" ">
    <subfield code="e">202330</subfield>
    <subfield code="a">MAIN</subfield>
  </datafield>
  <datafield tag="041" ind1=" " ind2=" ">
    <subfield code="a">English</subfield>
  </datafield>
  <datafield tag="082" ind1=" " ind2=" ">
    <subfield code="a">005.43 H24O(2)</subfield>
  </datafield>
  <datafield tag="100" ind1=" " ind2=" ">
    <subfield code="a">Harris, Archer J</subfield>
  </datafield>
  <datafield tag="245" ind1=" " ind2="0">
    <subfield code="a">Operating systems</subfield>
  </datafield>
  <datafield tag="250" ind1=" " ind2=" ">
    <subfield code="a">2nd ed.</subfield>
  </datafield>
  <datafield tag="260" ind1=" " ind2=" ">
    <subfield code="a">New Delhi</subfield>
    <subfield code="b">Tata McGraw-Hill</subfield>
    <subfield code="c">2008</subfield>
  </datafield>
  <datafield tag="300" ind1=" " ind2=" ">
    <subfield code="a">Xi, 294 p.</subfield>
  </datafield>
  <datafield tag="942" ind1=" " ind2=" ">
    <subfield code="c">BK</subfield>
  </datafield>
  <datafield tag="952" ind1=" " ind2=" ">
    <subfield code="0">0</subfield>
    <subfield code="1">0</subfield>
    <subfield code="4">0</subfield>
    <subfield code="6">005_430000000000000_H24O2</subfield>
    <subfield code="7">0</subfield>
    <subfield code="9">290305</subfield>
    <subfield code="a">MAIN</subfield>
    <subfield code="b">MAIN</subfield>
    <subfield code="d">2012-09-20</subfield>
    <subfield code="l">1</subfield>
    <subfield code="o">005.43 H24O(2)</subfield>
    <subfield code="p">321352</subfield>
    <subfield code="r">2023-12-20 15:19:59</subfield>
    <subfield code="s">2023-11-23</subfield>
    <subfield code="w">2023-09-17</subfield>
    <subfield code="y">BK</subfield>
  </datafield>
  <datafield tag="952" ind1=" " ind2=" ">
    <subfield code="0">0</subfield>
    <subfield code="1">0</subfield>
    <subfield code="4">0</subfield>
    <subfield code="6">005_430000000000000_H24O2</subfield>
    <subfield code="7">0</subfield>
    <subfield code="9">290306</subfield>
    <subfield code="a">MAIN</subfield>
    <subfield code="b">MAIN</subfield>
    <subfield code="d">2012-09-20</subfield>
    <subfield code="l">5</subfield>
    <subfield code="o">005.43 H24O(2)</subfield>
    <subfield code="p">321353</subfield>
    <subfield code="r">2026-02-05 10:10:56</subfield>
    <subfield code="s">2026-01-27</subfield>
    <subfield code="w">2023-09-17</subfield>
    <subfield code="y">BK</subfield>
  </datafield>
  <datafield tag="952" ind1=" " ind2=" ">
    <subfield code="0">0</subfield>
    <subfield code="1">0</subfield>
    <subfield code="4">0</subfield>
    <subfield code="6">005_430000000000000_H24O2</subfield>
    <subfield code="7">0</subfield>
    <subfield code="9">290307</subfield>
    <subfield code="a">MAIN</subfield>
    <subfield code="b">MAIN</subfield>
    <subfield code="d">2012-09-20</subfield>
    <subfield code="l">1</subfield>
    <subfield code="o">005.43 H24O(2)</subfield>
    <subfield code="p">321354</subfield>
    <subfield code="r">2023-12-19 12:40:16</subfield>
    <subfield code="s">2023-11-30</subfield>
    <subfield code="w">2023-09-17</subfield>
    <subfield code="y">BK</subfield>
  </datafield>
  <datafield tag="952" ind1=" " ind2=" ">
    <subfield code="0">0</subfield>
    <subfield code="1">0</subfield>
    <subfield code="4">0</subfield>
    <subfield code="6">005_430000000000000_H24O2</subfield>
    <subfield code="7">0</subfield>
    <subfield code="9">290308</subfield>
    <subfield code="a">MAIN</subfield>
    <subfield code="b">MAIN</subfield>
    <subfield code="d">2012-09-20</subfield>
    <subfield code="l">1</subfield>
    <subfield code="o">005.43 H24O(2)</subfield>
    <subfield code="p">321355</subfield>
    <subfield code="r">2023-12-19 12:43:32</subfield>
    <subfield code="s">2023-12-16</subfield>
    <subfield code="w">2023-09-17</subfield>
    <subfield code="y">BK</subfield>
  </datafield>
  <datafield tag="952" ind1=" " ind2=" ">
    <subfield code="0">0</subfield>
    <subfield code="1">0</subfield>
    <subfield code="4">0</subfield>
    <subfield code="6">005_430000000000000_H24O2</subfield>
    <subfield code="7">0</subfield>
    <subfield code="9">290309</subfield>
    <subfield code="a">MAIN</subfield>
    <subfield code="b">MAIN</subfield>
    <subfield code="d">2012-09-20</subfield>
    <subfield code="l">2</subfield>
    <subfield code="o">005.43 H24O(2)</subfield>
    <subfield code="p">321356</subfield>
    <subfield code="r">2023-12-19 11:03:01</subfield>
    <subfield code="s">2023-12-16</subfield>
    <subfield code="w">2023-09-17</subfield>
    <subfield code="y">BK</subfield>
  </datafield>
  <datafield tag="952" ind1=" " ind2=" ">
    <subfield code="0">0</subfield>
    <subfield code="1">0</subfield>
    <subfield code="4">0</subfield>
    <subfield code="6">005_430000000000000_H24O2</subfield>
    <subfield code="7">0</subfield>
    <subfield code="9">290310</subfield>
    <subfield code="a">MAIN</subfield>
    <subfield code="b">MAIN</subfield>
    <subfield code="d">2012-09-20</subfield>
    <subfield code="l">0</subfield>
    <subfield code="o">005.43 H24O(2)</subfield>
    <subfield code="p">321357</subfield>
    <subfield code="r">2023-09-17 21:47:49</subfield>
    <subfield code="w">2023-09-17</subfield>
    <subfield code="y">BK</subfield>
  </datafield>
  <datafield tag="952" ind1=" " ind2=" ">
    <subfield code="0">0</subfield>
    <subfield code="1">0</subfield>
    <subfield code="4">0</subfield>
    <subfield code="6">005_430000000000000_H24O2</subfield>
    <subfield code="7">0</subfield>
    <subfield code="9">290311</subfield>
    <subfield code="a">MAIN</subfield>
    <subfield code="b">MAIN</subfield>
    <subfield code="d">2012-09-20</subfield>
    <subfield code="l">3</subfield>
    <subfield code="o">005.43 H24O(2)</subfield>
    <subfield code="p">321358</subfield>
    <subfield code="r">2024-02-19 15:27:15</subfield>
    <subfield code="s">2024-02-02</subfield>
    <subfield code="w">2023-09-17</subfield>
    <subfield code="y">BK</subfield>
  </datafield>
  <datafield tag="952" ind1=" " ind2=" ">
    <subfield code="0">0</subfield>
    <subfield code="1">0</subfield>
    <subfield code="4">0</subfield>
    <subfield code="6">005_430000000000000_H24O2</subfield>
    <subfield code="7">0</subfield>
    <subfield code="9">290312</subfield>
    <subfield code="a">MAIN</subfield>
    <subfield code="b">MAIN</subfield>
    <subfield code="d">2012-09-20</subfield>
    <subfield code="l">1</subfield>
    <subfield code="o">005.43 H24O(2)</subfield>
    <subfield code="p">321359</subfield>
    <subfield code="r">2023-12-20 15:25:38</subfield>
    <subfield code="s">2023-11-23</subfield>
    <subfield code="w">2023-09-17</subfield>
    <subfield code="y">BK</subfield>
  </datafield>
  <datafield tag="952" ind1=" " ind2=" ">
    <subfield code="0">0</subfield>
    <subfield code="1">0</subfield>
    <subfield code="4">0</subfield>
    <subfield code="6">005_430000000000000_H24O2</subfield>
    <subfield code="7">0</subfield>
    <subfield code="9">290313</subfield>
    <subfield code="a">MAIN</subfield>
    <subfield code="b">MAIN</subfield>
    <subfield code="d">2012-09-20</subfield>
    <subfield code="l">1</subfield>
    <subfield code="o">005.43 H24O(2)</subfield>
    <subfield code="p">321360</subfield>
    <subfield code="r">2023-12-20 15:30:20</subfield>
    <subfield code="s">2023-11-23</subfield>
    <subfield code="w">2023-09-17</subfield>
    <subfield code="y">BK</subfield>
  </datafield>
  <datafield tag="952" ind1=" " ind2=" ">
    <subfield code="0">0</subfield>
    <subfield code="1">0</subfield>
    <subfield code="4">0</subfield>
    <subfield code="6">005_430000000000000_H24O2</subfield>
    <subfield code="7">0</subfield>
    <subfield code="9">290314</subfield>
    <subfield code="a">MAIN</subfield>
    <subfield code="b">MAIN</subfield>
    <subfield code="d">2012-09-20</subfield>
    <subfield code="l">1</subfield>
    <subfield code="o">005.43 H24O(2)</subfield>
    <subfield code="p">321361</subfield>
    <subfield code="r">2023-12-19 11:05:26</subfield>
    <subfield code="s">2023-11-30</subfield>
    <subfield code="w">2023-09-17</subfield>
    <subfield code="y">BK</subfield>
  </datafield>
  <datafield tag="999" ind1=" " ind2=" ">
    <subfield code="c">171658</subfield>
    <subfield code="d">171658</subfield>
  </datafield>
</record>
